<?xml version="1.0" encoding="UTF-8"?>
<marc:record xmlns:marc="http://www.loc.gov/MARC21/slim">
   <marc:leader>00000nam a2200000 a 4500</marc:leader>
   <marc:datafield ind1="1" ind2=" " tag="100">
      <marc:subfield code="a">Haider, Alfons</marc:subfield>
      <marc:subfield code="4">aut</marc:subfield>
      <marc:subfield code="e">Verfasser/-in</marc:subfield>
   </marc:datafield>
   <marc:datafield ind1="0" ind2="0" tag="245">
      <marc:subfield code="a">Meine Mama die Löwin</marc:subfield>
   </marc:datafield>
   <marc:datafield ind1="0" ind2="0" tag="245">
      <marc:subfield code="b">Das Buch für alle Mütter</marc:subfield>
   </marc:datafield>
   <marc:datafield ind1="0" ind2="0" tag="245">
      <marc:subfield code="c">Alfons Haider</marc:subfield>
   </marc:datafield>
   <marc:datafield ind1=" " ind2="1" tag="264">
      <marc:subfield code="a">Wien</marc:subfield>
      <marc:subfield code="b">edition a, Wien</marc:subfield>
      <marc:subfield code="c">2026</marc:subfield>
   </marc:datafield>
   <marc:datafield ind1="1" ind2=" " tag="520">
      <marc:subfield code="a">Als Alfons Haiders Mutter Anna 2023 starb, trauerte ein ganzes Land mit dem beliebten Schauspieler und Moderator. Jetzt erzählt er zum ersten Mal die ganze Geschichte dieser beru¨hrenden Beziehung, die zugleich eine Liebeserklärung an alle Mu¨tter ist. Von dem entbehrungsreichen Leben einer Frau, die alles fu¨r ihren Sohn gab, u¨ber die schwierige Phase des Coming-Outs und schöne gemeinsame Erfolge bis zu den letzten Jahren, in denen sich der Sohn um die Mutter ku¨mmerte. Feinfu¨hlig zeichnet Haider das Bild einer Frau, deren Liebe zu ihrem Sohn stärker war als alles andere.</marc:subfield>
   </marc:datafield>
   <marc:datafield ind1=" " ind2=" " tag="020">
      <marc:subfield code="a">9783990019061</marc:subfield>
      <marc:subfield code="9">9783990019061</marc:subfield>
   </marc:datafield>
   <marc:datafield ind1=" " ind2=" " tag="020">
      <marc:subfield code="a">3990019066</marc:subfield>
      <marc:subfield code="9">3990019066</marc:subfield>
   </marc:datafield>
   <marc:datafield ind1=" " ind2=" " tag="300">
      <marc:subfield code="a">186 S.</marc:subfield>
   </marc:datafield>
</marc:record>
